00353 a2200145 4500003000400000005001700004008004100021020001500062020001500077040000900092082001700101245003600118260004400154300000900198OSt20231207134228.0231207b |||||||| |||| 00| 0 eng d a8189645463 a8189645927 coclc a958.7bSYE/W aWorld infopaedia : Uzbekistan / aNew Delhi:bPragun Publications,c2007. a330p